[Event "CZE-ch U16"]
[Site "Herlikovice"]
[Date "2021.10.23"]
[Round "1"]
[White "Sichrovsky, Filip"]
[Black "Svacina, Tobias"]
[Result "1-0"]
[WhiteElo "1201"]
[BlackElo "1672"]
[PlyCount "65"]
[EventDate "2021.10.23"]
[EventType "swiss"]
[EventRounds "9"]
[EventCountry "CZE"]
[SourceTitle "EXT 2023"]
[Source "ChessBase"]
[SourceDate "2022.10.05"]
[SourceVersion "1"]
[SourceVersionDate "2022.10.05"]
[SourceQuality "1"]

1. e4 e5 2. Nf3 Nc6 3. d4 exd4 4. Nxd4 Qf6 5. Be3 Bc5 6. c3 Nge7 7. Bc4 Ne5 8. Bb3 Bb6 9. f4 N5g6 10. 0-0 c5 11. e5 Qh4 12. Nf3 Qg4 13. Bxf7+ Kf8 14. Bc4 Nf5 15. Qe1 Nxe3 16. Qxe3 Ke7 17. Qd2 Nxf4 18. Kh1 Rf8 19. g3 Ne6 20. Qd6+ Ke8 21. Nbd2 Bd8 22. Qd3 Be7 23. Ne4 a6 24. a4 b6 25. Bd5 Ra7 26. Nd6+ Bxd6 27. exd6 c4 28. Qe3 Bb7 29. Bxb7 Rxb7 30. Nd4 Rf6 31. Rfe1 Kf7 32. Qe5 Nxd4 33. Qe8# 1-0